[Event "Challenge"]
[Site "http://www.queenalice.com/game.php?id=702493"]
[Date "2009.12.23"]
[Round "-"]
[White "pacomar16"]
[Black "Eski"]
[Result "0-1"]
[WhiteElo "1048"]
[BlackElo "1063"]

1. e4 e5 2. Bc4 Nf6 3. Qf3 d5 4. exd5 Bg4 5. Qb3 b6 6. f3 Bf5 7. Qb5+ c6 8. dxc6
Qc7 9. Qa6 Nxa6 10. Bb5 Nb4 11. Na3 Bc5 12. c3 Nd3+ 13. Kd1 e4 14. Kc2 e3 15.
dxe3 Bxe3 16. Bxe3 O-O 17. g4 Nxg4 18. fxg4 Be4 19. Nf3 Rad8 20. Rhf1 Rfe8 21.
b4 Re6 22. Nd2 Qxh2 23. g5 Qh3 24. Rfe1 Nxe1+ 25. Kd1 Qxe3 26. c7 Qxd2# 0-1

[Event "Challenge"]
[Site "http://www.queenalice.com/game.php?id=702586"]
[Date "2009.12.23"]
[Round "-"]
[White "Eski"]
[Black "lica"]
[Result "0-1"]
[WhiteElo "1079"]
[BlackElo "1293"]

1. e4 e5 2. Bc4 d6 3. Qf3 Nf6 4. d3 h5 5. Bg5 Bg4 6. Qg3 a5 7. Nc3 Nc6 8. Nd5
Nd4 9. Rc1 c6 10. Nxf6+ gxf6 11. h3 fxg5 12. hxg4 b5 13. Bxf7+ Kxf7 14. Nf3 Ne6
15. gxh5 Rxh5 16. Rxh5 a4 17. Nxg5+ Nxg5 18. Rxg5 Ke8 19. Rg8 a3 20. b3 Qe7 21.
Qg6+ Kd7 22. c4 b4 23. c5 d5 24. exd5 Qe8 25. Qxc6+ Ke7 26. Qd6+ Kf7 27. Rxf8+
Qxf8 28. Qxe5 Kg8 29. Rc4 Re8 30. Rg4+ Kh7 31. Rh4+ Kg8 32. Rg4+ Kf7 33. Rf4+
Kg8 34. Qe6+ Rxe6+ 35. dxe6 Qxf4 36. c6 Qc1+ 37. Ke2 Qxc6 38. e7 Qe6+ 0-1

[Event "Challenge"]
[Site "http://www.queenalice.com/game.php?id=702924"]
[Date "2009.12.24"]
[Round "-"]
[White "colatina"]
[Black "Eski"]
[Result "1-0"]
[WhiteElo "1357"]
[BlackElo "1102"]

1. d4 d5 2. Nc3 Nf6 3. Bg5 Nc6 4. e3 Ne4 5. Nxe4 dxe4 6. c3 f6 7. Bf4 g5 8. Bg3
h5 9. Be2 h4 10. d5 Na5 11. b4 hxg3 12. Bh5+ Rxh5 13. Qxh5+ Kd7 14. Qg4+ Kd6 15.
Qxg3+ Kxd5 16. Rd1+ Kc4 17. Rxd8 Bg7 18. Rd4+ Kxc3 19. Ne2+ Kb2 20. Rd2+ Ka3 21.
Qxc7 b5 22. Qc1+ Kxb4 23. a3+ Ka4 24. Nc3+ Kb3 25. Qb2+ Kc4 26. Qb4# 1-0

[Event "Challenge"]
[Site "http://www.queenalice.com/game.php?id=712850"]
[Date "2010.1.13"]
[Round "-"]
[White "CristianLonghinoti"]
[Black "Eski"]
[Result "1-0"]
[WhiteElo "1328"]
[BlackElo "1146"]

1. e4 e5 2. Nf3 Nc6 3. d3 Bc5 4. Qe2 Bb4+ 5. c3 Bc5 6. Nbd2 b6 7. a3 Ba6 8. b4
Be7 9. Qd1 h5 10. d4 Bxf1 11. Nxf1 exd4 12. cxd4 Nf6 13. N1d2 Rh6 14. e5 Nd5 15.
b5 Na5 16. h3 Nc3 17. Qc2 Nxb5 18. a4 Na3 19. Bxa3 Bxa3 20. Rxa3 Qe7 21. O-O
Qxa3 22. Nh4 Rc6 23. Qd1 Qe7 24. Nf5 Qg5 25. Ng3 Rd6 26. exd6 cxd6 27. Re1+ Kf8
28. Re2 h4 29. Ngf1 Rc8 30. Qe1 Rc3 31. Ne4 Rc4 32. Nxg5 1-0

[Event "Challenge"]
[Site "http://www.queenalice.com/game.php?id=721266"]
[Date "2010.1.27"]
[Round "-"]
[White "colatina"]
[Black "Eski"]
[Result "1-0"]
[WhiteElo "1648"]
[BlackElo "1191"]

1. e4 Nf6 2. e5 Nd5 3. c4 Nf4 4. d4 g5 5. g3 Ng6 6. Bd3 d5 7. Qh5 c6 8. Bxg6
fxg6 9. Qf3 g4 10. Qf4 Qa5+ 11. Bd2 Qc7 12. b3 Bf5 13. f3 gxf3 14. Nxf3 e6 15.
cxd5 exd5 16. Nc3 Ba3 17. Kf2 Bb2 18. Rae1 c5 19. Nxd5 Qc6 20. Nf6+ Kf7 21. Ng5+
Kg7 22. d5 Qc8 23. Ne6+ Kf7 24. Ng5+ Ke7 25. d6+ Kf8 26. Ngxh7+ Kg7 27. Qh6+ Kf7
28. Ng5# 1-0

[Event "Challenge"]
[Site "http://www.queenalice.com/game.php?id=721652"]
[Date "2010.1.28"]
[Round "-"]
[White "alfil187"]
[Black "Eski"]
[Result "0-1"]
[WhiteElo "1154"]
[BlackElo "1182"]

1. e4 Nf6 2. f3 c5 3. Nh3 d6 4. Bd3 Nc6 5. Na3 e5 6. O-O b6 7. b3 g6 8. Bb2 Bh6
9. Bc3 Be6 10. Bb5 Bd7 11. Nf2 O-O 12. Bxc6 Bxc6 13. Ng4 Bg5 14. Nxf6+ Qxf6 15.
Nc4 Bf4 16. Rb1 Qg5 17. Nxd6 Rad8 18. Nc4 Bb5 19. a4 Bc6 20. g3 Bxg3 21. a5 Bb5
22. axb6 axb6 0-1